000 00819cab a2200277 4500
001 ABS49409
008 090401t1993 xxu||||| |||| 00| 0 eng d
035 _a(Sirsi) u71122
041 _aeng
245 _aPorts sail out of the doldrums
260 _c1993
350 _a0
490 _aPlanning Week
_v1(3) 23 september 1993, 14-15(2)
520 _aConsiders how the three east coastal ports of Great Yarmouth, Clacton and Harwich will benefit from their recently acquired Assisted Area Status.
650 _aASSISTED AREAS
650 _aCLACTON
650 _aEC FUNDING
650 _aGREAT YARMOUTH
650 _aHARWICH
650 _aOIL AND GAS INDUSTRY
690 _aECONOMIC AND SOCIAL
690 _aPLANNING LAW AND PRACTICE
690 _aURBAN RENEWAL
942 _n0
948 _c04/03/1997
999 _c44804
_d44804